| 000 | 00728nam a2200313Ia 4500 | ||
|---|---|---|---|
| 005 | 20260127113302.0 | ||
| 008 | 008 260114s9999 xx 000 0 eng d | ||
| 020 | _a9780804761307 | ||
| 037 | _aTextbook | ||
| 040 | _aPSDL | ||
| 040 | _beng | ||
| 040 | _cPSDL | ||
| 041 | _2eng | ||
| 041 | _aeng | ||
| 084 | _aV43 P8 | ||
| 084 | _qPSDL | ||
| 100 |
_aRicklefs, M.C. _91111748 |
||
| 245 | 2 | _aA History of Modern Indonesia Since C.1200 | |
| 245 | 0 | _cRicklefs, M.C. | |
| 250 | _aFourth Edition | ||
| 260 | _aStanford California | ||
| 260 | _bStanford University Press | ||
| 260 | _c2008 | ||
| 300 | _a492 | ||
| 942 | _cTB | ||
| 942 | _hV43 P8 | ||
| 999 |
_c1677925 _d1677925 |
||